Ježek Sonic = Sonic the Hedgehog. Bez varování /

Komiksová dobrodružství ježka Sonica známého z videoher a animovaných seriálů.

Uloženo v:
Série:Ježek Sonic, část 8
Hlavní autor: Flynn, Ian, 1982- (Autor)
Další autoři: Thomas, Adam Bryce, 1988- (Autor), Tramontano, Priscilla, 1988- (Ilustrátor), Novotný, Petr, 1975 červenec 29.- (Ilustrátor)
Médium: Kniha
Jazyk:Czech
Vydáno: V Praze : Alicanto, 2026
Vydání:1. vydání
Témata:
Celkem bylo vypůjčeno:0x
Příbuzné jednotky:Přeloženo z: Sonic the Hedgehog
Z cyklu:: Ježek Sonic
Tagy:
Žádné tagy
LEADER 02751nam a2200529 i 4500
001 106481
003 CZ PrNK
005 20260604150533.0
007 ta
008 260518s2026 xr a b 6 000 1 cze
015 |a cnb003756969 
020 |a 9788025263129  |q (brožováno)  |z 089-80-252-6312-9 :  |c Kč 299,00 
040 |a ABG001  |b cze  |e rda 
041 1 |a cze  |h eng 
072 7 |a 741.52  |x Komiksy. Komiksové adaptace  |2 Konspekt  |9 21 
072 7 |a 821-93  |x Literatura pro děti a mládež (beletrie)  |2 Konspekt  |9 26 
080 |a 741.52(0:82-321.3)  |2 MRF 
080 |a 821-93  |2 MRF 
100 1 |a Flynn, Ian,  |d 1982-  |7 xx0263812  |4 aut  |9 114753 
240 1 0 |a Out of the blue.  |l Česky 
245 1 0 |a Ježek Sonic =  |b Sonic the Hedgehog.  |p Bez varování /  |c autor Ian Flynn ; nakreslili Priscilla Tamontano a Adam Bryce Thomas ; z anglického originálu Sonic the Hedgehog, Volume 8: Out of the blue ... přeložil Petr Novotný 
246 3 0 |a Bez varování 
246 3 1 |a Sonic the Hedgehog 
250 |a 1. vydání 
264 1 |a V Praze :  |b Alicanto,  |c 2026 
300 |a 112 nečíslovaných stran :  |b barevné ilustrace ;  |c 26 cm 
336 |a text  |b txt  |2 rdacontent 
336 |a statický obraz  |b sti  |2 rdacontent 
337 |a bez média  |b n  |2 rdamedia 
338 |a svazek  |b nc  |2 rdacarrier 
500 |a Na titulní stránce uveden držitel práv: Sega 
520 2 |a Komiksová dobrodružství ježka Sonica známého z videoher a animovaných seriálů.  |b Technologická nákaza Dr. Eggmana zachvátí svět a někteří ze Sonicových nejvěrnějších spojenců a nejzlověstnějších nepřátel musejí hrozbě čelit sami! Vlivem kovového viru se svět změní. Jakmile se vše začne obnovovat, hrdinové i padouši plánují novou budoucnost. Jeden hrdina však zůstává nezvěstný, i když Dr. Eggman zahajuje další útok, a tentokrát je odhodlaný své nepřátele jednou provždy zničit. Nakladatelská anotace. Kráceno. 
521 8 |a Pro čtenáře od 8 let 
655 7 |a akční a dobrodružné komiksy  |7 fd1057471  |2 czenas 
655 7 |a publikace pro děti  |7 fd133156  |2 czenas  |9 23 
655 9 |a action and adventure comics  |2 eczenas 
655 9 |a children's literature  |2 eczenas 
700 1 |a Thomas, Adam Bryce,  |d 1988-  |7 xx0307852  |4 ill  |9 115396 
700 1 |a Tramontano, Priscilla,  |d 1988-  |7 xx0334817  |4 ill  |9 116535 
700 1 |a Novotný, Petr,  |d 1975 červenec 29.-  |7 kv2015892418  |4 trl  |9 114913 
710 2 |a Alicanto (nakladatelství)  |7 xx0341991  |4 pbl  |9 117187 
765 0 |t Sonic the Hedgehog 
787 0 8 |i Z cyklu:  |t Ježek Sonic  |g 8 
910 |a UOG502 
942 |2 ddc  |c KN 
999 |d 106481 
993 |0 0  |1 421180107201  |2 ddc  |4 0  |7 0  |9 99925  |b 0  |c 107201  |d 2026-06-04  |e 0  |f M  |h 299.00  |i Koupě  |l M  |r 2026-06-04  |t 8  |w 2026-06-04  |y KN  |z KOMIKS  |n